• 首页
  • 本馆介绍
  • 公告通知
  • 最新文献
  • 馆藏检索
  • 电子资源
  • 读者导购
  • 参考咨询
  • 我的图书馆
  • 登录
  • 详细信息显示
  • 放入我的书架
  • 预约/预借图书
  • 作者相关作品
  • 分类相关作品
  • 丛书相关作品
  • 出版社相关作品

书目信息

  • 表格格式
  • 工作单格式
  • 卡片格式
题名:
语言·文化·跨文化交际
    
 
作者: 冯源 , 孙有中 主编
分册:  
出版信息: 北京   光明日报出版社  2015
页数: 340页
开本: 24cm
丛书名:
单 册:
中图分类: G115
科图分类:
主题词: 文化交流--研究
电子资源:
ISBN: 978-7-5112-7389-5
000 01039nam0 2200253 450
001 339403
005 20150608091219.82
010    @a978-7-5112-7389-5@dCNY65.00
100    @a20150123d2015 em y0chiy50 ea
101 0  @achi@aeng
102    @aCN@b110000
105    @aa z 000yy
106    @ar
200 1  @a语言·文化·跨文化交际@Ayu yan · wen hua kua wen hua jiao ji@d= Language, Culture, Intercultural communication@f冯源, 孙有中主编@zeng
210    @a北京@c光明日报出版社@d2015
215    @a340页@c图@d24cm
330    @a本书收录了《第十届中国跨文化交际国际学术研讨会在海南大学圆满举行》、《基于主体间理论的跨文化交际语用原则研究》、《中西方神话异同性探析》、《游学与跨文化交际能力培养》、《2012年度中日十大流行语对比》、《翻译本质的跨文化认识》等文章。
510 1  @aLanguage, Culture, Intercultural communication@zeng
606 0  @a文化交流@x研究
690    @aG115@v5
701  0 @a冯源@Afeng yuan@c(女, 英语)@4主编
701  0 @a孙有中@Asun you zhong@f(1963)@4主编
801  0 @aCN@b卓展宏图@c20150525
905    @dG115@e37@f4
    
    语言·文化·跨文化交际= Language, Culture, Intercultural communication/冯源, 孙有中主编.-北京:光明日报出版社,2015
    340页:图;24cm
    
    
    ISBN 978-7-5112-7389-5:CNY65.00
    本书收录了《第十届中国跨文化交际国际学术研讨会在海南大学圆满举行》、《基于主体间理论的跨文化交际语用原则研究》、《中西方神话异同性探析》、《游学与跨文化交际能力培养》、《2012年度中日十大流行语对比》、《翻译本质的跨文化认识》等文章。
●
相关链接 在E读中查询图书 在五车中查询图书 在当当中查询图书 在豆瓣中查询图书


正题名:语言·文化·跨文化交际     索取号:G115/37         预约/预借

序号 登录号 条形码 馆藏地/架位号 状态 备注
1 858073   208580739   第一样本阅览室/ [索取号:G115/37] 在馆    
2 858074   208580748   第四借阅区/ [索取号:G115/37] 在馆    
3 858075   208580757   第四借阅区/ [索取号:G115/37] 在馆    
4 858076   208580766   教育系资料室/ [索取号:G115/37] 在馆    
唐山师范学院图书馆 欢迎您!
大连网信软件有限公司© 版权所有